02413cam a2200313 a 45000010009000000050017000090080041000260100015000670200030000820400028001120820022001401000025001622450063001872500012002502600095002623000052003574900045004095000022004545040041004765050257005175201038007746500029018126530024018416550024018657000028018899420022019179990017019399520143019561665119220150112130205.0110214s2011 xxkadk frb f001 0 eng d a2011006857 a9780521168229 (Paperback) aDLCcDLCdDLCdEG-ScBUE00a338.4766222bCUS1 aCussler, E. L.9632810aChemical product design /cE. L. Cussler, G. D. Moggridge. a2nd ed. aCambridge, United Kingdom ;aNew York, United States :bCambridge University Press,c2011. axvii, 432 p. :bcharts, forms, tables ;c25 cm.0 aCambridge series in chemical engineering aIncludes indexes. aIncludes bibliographical references.8 aMachine generated contents note : 1. An introduction to chemical product design ; 2. Needs ; 3. Ideas ; 4. Selection ; 5. Product manufacture ; 6. Commodity products ; 7. Devices ; 8. Molecular products ; 9. Microstructures ; 10. A plan for the future. a"The chemical industry is changing, going beyond commodity chemicals to a palette of higher value added products. This groundbreaking book, now revised and expanded, documents this change and shows how to meet the challenges implied. Presenting a four-step design process - needs, ideas, selection, manufacture - the authors supply readers with a simple design template that can be applied to a wide variety of products. Four new chapters on commodities, devices, molecules/drugs and microstructures show how this template can be applied to products including oxygen for emphysema patients, pharmaceuticals like taxol, dietary supplements like lutein, and beverages which are more satisfying. For different groups of products the authors supply both strategies for design and summaries of relevant science. Economic analysis is expanded, emphasizing the importance of speed-to-market, selling ideas to investors and an expectation of limited time in the market. Extra examples, homework problems and a solutions manual are available" 0aChemical industry932576 bENGCHEcJanuary2015 vreading book9342321 aMoggridge, G. D.937104 2ddck338.4766 CUS c18853d18825 00102ddc40708BaccahaMAINbMAINc1STd2015-01-12epurchaseg448.00h21291l0o338.4766 CUSp000037275r2025-07-15 00:00:00v560.00yBB